01490nam a2200205 a 4500008004100000020000800041041000800049092001700057100002500074245004400099250001100143260003900154300001100193500008700204505075300291655001701044942001201061999001501073952019601088120515e2015 ag |||g |||| 001 0 spa d aS/N aspa c808l66sPER1 aPeredo, León93554 4aLos perros de la noche /cLeón Peredo a1a ed. aBuenos Aires:bDel Refalon;c2015. a167 p. aPeredo, L. (2015). Los perros de la calle. (1a ed.). Buenos Aires : Del Refalón. aIsmael emprende un viaje para visitar la tumba de su padre. Todo marcha con normalidad hasta que alguien abre la Puerta de los Arquetipos. El tiempo y el espacio dejan de ser terrenos seguros, el universo es una vorágine: lo que pertenece al pasado puede encontrarse en el futuro, lo futuro estar atrapado en el pasado y el presente puede no ocurrir jamás. Los personajes se enfrentan cara a cara con sus pasiones, miserias y miedos más íntimos. Julia y el amor. El diablo y una oferta difícil de rechazar. La libertad puede ser la peor de las prisiones. El Gato Negro y el loco Joe intentarán ayudarlo. Pero cuando el mundo está más allá del bien y del mal es difícil confiar en alguien: uno mismo puede ser su propio enemigo.  aNovela93091 2ddccBK c2704d2704 00102ddc4070aBFMbBFMcCRd2018-03-15eDonación Lago, Laura. Marzo 2018l0o808 66 PERp4216r2018-03-15tEj. 1w2018-03-15yLITzProyecto 4to libro. Donación Lago, Laura. Marzo 2018.